Logos by their Ads - Statistics

General Stats
  • This quiz has been taken 47 times
  • The average score is 8 of 12
Answer Stats
Picture Answer % Correct
Youtube
94%
McDonald's
91%
Taco Bell
91%
Lego
76%
State Farm
68%
Airbnb
65%
Walmart
65%
The Home Depot
62%
Nissan
59%
Target
59%
Netflix
41%
Nationwide
21%
No matching quizzes found
Score Distribution
Percent of People with Each Score
Percentile by Number Answered
Your Score History
You have not taken this quiz